00531cam a22001217a 4500008004000000082001500040100008000055245012700135260005700262300001000319650003300329700004700362180718b1980 xxu||||| |||| 00| 0 eng d aW1x54 R299 aIndia. Committee on the Strength of Officers and Staff of the Railway Board aReport of the Committee on the Strength of Officers and Staff of the Railway Boardcby Railway Board, Ministry of Railways aNew DelhibRailway Board, Ministry of Railwaysc1980 a234p. aRailways - Employees - India aIndia. Ministry of Railways. Railway Board